Normal view
MARC view
Entry Personal Name
001 - CONTROL NUMBER
- control field: 47399
003 - CONTROL NUMBER IDENTIFIER
- control field: ARRUPE
005 - DATE AND TIME OF LATEST TRANSACTION
- control field: 20190722122619.0
008 - FIXED-LENGTH DATA ELEMENTS
- fixed length control field: 190722|| aca||aabn | a|a d
040 ## - CATALOGING SOURCE
- Original cataloging agency: ARRUPE
- Transcribing agency: ARRUPE
100 ## - HEADING--PERSONAL NAME
- Personal name: Richard L. Clutterbuck
670 ## - SOURCE DATA FOUND
- Source citation: Work cat.: (ARRUPE)14515: Clutterbuck, Richard L 47397, The media and political violence, 1981